书目信息 |
| 题名: |
竞走
|
|
| 作者: | 黑羽义治 著 ;李鸿江 译审 | |
| 分册: | ||
| 出版信息: | 北京 人民体育出版社 2001 |
|
| 页数: | 115页 | |
| 开本: | 21cm | |
| 丛书名: | 青少年田径技术训练丛书 | |
| 单 册: | ||
| 中图分类: | G821.2 | |
| 科图分类: | ||
| 主题词: | 竞走--运动训练 | |
| 电子资源: | ||
| ISBN: | 7-5009-2131-4 | |
| 000 | 00675nam2 2200229 45 | |
| 001 | 0402030170 | |
| 005 | 20040203011930.4 | |
| 010 | @a7-5009-2131-4@dCNY8.00 | |
| 100 | @a20040203d2001 km y0chiy0120 ea | |
| 101 | 0 | @achi@cjpn |
| 105 | @aa z 000yy | |
| 200 | 1 | @a竞走@AJing Zou@f(日)黑羽义治著@F(Ri)Hei Yu Yi Zhi Zhu@g李鸿江等译审 |
| 210 | @a北京@c人民体育出版社@d2001 | |
| 215 | @a115页@c图@d21cm | |
| 225 | @a青少年田径技术训练丛书 | |
| 410 | @12001 @a青少年田径技术训练丛书 | |
| 606 | 0 | @a竞走@x运动训练 |
| 690 | @aG821.2@v4 | |
| 701 | 0 | @a黑羽义治@4著 |
| 702 | 0 | @a李鸿江@ALi Hong Jiang@4译审 |
| 801 | @aCN@bTSTCL@c20040203 | |
| 905 | @b333403@dG821.2@e55@f1 | |
| 竞走/(日)黑羽义治著/李鸿江等译审.-北京:人民体育出版社,2001 |
| 115页:图;21cm.-(青少年田径技术训练丛书) |
| ISBN 7-5009-2131-4:CNY8.00 |
| ● |
| 相关链接 |
|
|
|
|
正题名:竞走
索取号:G821.2/55
 
预约/预借
| 序号 | 登录号 | 条形码 | 馆藏地/架位号 | 状态 | 备注 |
| 1 | 0333403 | 203334034 | 第一样本阅览室/ [索取号:G821.2/55] | 在馆 |